Normal view
MARC view
- William W. Bathie
Entry Personal Name
001 - CONTROL NUMBER
- control field: 127239
003 - CONTROL NUMBER IDENTIFIER
- control field: NUST
005 - DATE AND TIME OF LATEST TRANSACTION
- control field: 20241226145244.0
008 - FIXED-LENGTH DATA ELEMENTS
- fixed length control field: 241226|| aca||aabn | a|a d
040 ## - CATALOGING SOURCE
- Original cataloging agency: NUST
- Transcribing agency: NUST
100 ## - HEADING--PERSONAL NAME
- Personal name: William W. Bathie
670 ## - SOURCE DATA FOUND
- Source citation: Work cat.: (NUST): William W. Bathie, Fundamentals of Gas Turbines, 1996.
